000 01219nam a22003617a 4500
003 CHAP
005 20220329141108.0
008 971013s1997 r 00010 d
010 _a62515
011 _a63487
035 _a67663
040 _cCHAP
090 _aTesis
100 0 0 _aMuñoz González, Francisco.
_979598
245 _aProducción de maíz forrajero en el Valle de Toluca
260 _aChapingo, Méx. :
_bEl autor,
_c1997
300 _a65 h.
_b: ilus.
502 _aTesis (Ing. Agr. Esp. en Zootecnia) -- UACH. Departamento de Zootecnia
590 _aALEPH
_b10
_c20130110
_lUCH01
_h1345
590 _aBATCH-UPD
_b10
_c20130110
_lUCH01
_h0818
590 _aBATCH-UPD
_b10
_c20130410
_lUCH01
_h0455
590 _aBATCH-UPD
_b10
_c20130914
_lUCH01
_h0815
590 _aCONVERSION
_b10
_c20130109
_lUCH01
_h1334
650 1 4 _aCalcio
_xEfecto en plantas.
_917337
650 1 4 _aMaíz como forraje.
_971109
650 1 4 _aMaíz
_xMateria seca
_xDeterminación.
_971004
650 1 4 _aMaíz
_xRendimiento.
_971051
650 1 4 _aMaíz
_zMéxico (Edo.).
_971099
901 _aBK
942 _cFOLL
949 _bBC
_cTES
_d-153037
_eTS1
_h31194
_i67663
_si
949 _bBC
_cTES
_d33724000635736
_eTS2
_fc.2
_h31195
_i67663
_si
999 _c62515
_d62515